জীবন্ত শহীদ : (Record no. 47)
[ view plain ]
| 000 -LEADER | |
|---|---|
| fixed length control field | 01311nam a2200265 a 4500 |
| 001 - CONTROL NUMBER | |
| control field | 47 |
| 003 - CONTROL NUMBER IDENTIFIER | |
| rucl marc code | BD-RjUL |
| 005 - DATE AND TIME OF LATEST TRANSACTION | |
| control field | 20211208233111.0 |
| 008 - FIXED-LENGTH DATA ELEMENTS--GENERAL INFORMATION | |
| fixed length control field | 131123s2001 bg a 000 u ben d |
| 020 ## - INTERNATIONAL STANDARD BOOK NUMBER | |
| International Standard Book Number | 9844583225 : |
| Terms of availability | Tk.50.00 |
| 035 ## - SYSTEM CONTROL NUMBER | |
| System control number | (BD-RjUL)52 |
| 040 ## - CATALOGING SOURCE | |
| Original cataloging agency | BD-RjUL |
| Language of cataloging | ben |
| Transcribing agency | BD-RjUL |
| 041 ## - LANGUAGE CODE | |
| Language code of text/sound track or separate title | ben |
| 082 ## - DEWEY DECIMAL CLASSIFICATION NUMBER | |
| Edition number | 23 |
| Classification number | 370.92 |
| Author mark and year | JIB 2001 |
| 245 00 - TITLE STATEMENT | |
| Title | জীবন্ত শহীদ : |
| Remainder of title | মুক্তিযোদ্ধা মজিবর রহমান দেবদাস / |
| Statement of responsibility, etc. | মনসুর আহমদ খান, হাসিবুল আলম প্রধান সম্পাদিত |
| 260 ## - PUBLICATION, DISTRIBUTION, ETC. (IMPRINT) | |
| Place of publication, distribution, etc. | ঢাকা : |
| Name of publisher, distributor, etc. | সময় প্রকাশন, |
| Date of publication, distribution, etc. | ২০০১. |
| 300 ## - PHYSICAL DESCRIPTION | |
| Pagination | [১০], ৬৪ পৃ. : |
| Illustrations | চিত্র ; |
| Size | ২১ সেমি. |
| 600 ## - SUBJECT ADDED ENTRY--PERSONAL NAME | |
| Personal name | দেবদাস, মজিবর রহমান |
| General subdivision | জীবনী |
| Geographic subdivision | বাংলাদেশ |
| Personal name | Devdas, Mazibor Rahman |
| General subdivision | Biography |
| Geographic subdivision | Bangladesh |
| 650 7# - SUBJECT ADDED ENTRY--TOPICAL TERM | |
| Source of heading or term | SLSH |
| Topical term or geographic name as entry element | শিক্ষাবিদ |
| General subdivision | জীবনী |
| Geographic subdivision | বাংলাদেশ |
| 9 (RLIN) | 154 |
| Topical term or geographic name as entry element | Educationist |
| 9 (RLIN) | 111839 |
| General subdivision | Biography |
| Geographic subdivision | Bangladesh |
| 700 1# - ADDED ENTRY--PERSONAL NAME | |
| Personal name | খান, মনসুর আহমদ , সম্পাদক |
| Personal name | প্রধান, হাসিবুল আলম , সম্পাদক |
| 942 ## - ADDED ENTRY ELEMENTS (KOHA) | |
| Source of classification or shelving scheme | Dewey Decimal Classification |
| Koha item type | Books |
| Lost status | Source of classification or shelving scheme | Damaged status | Not for loan | Collection code | Permanent Location | Current Location | Shelving location | Date acquired | Source of acquisition | Cost, normal purchase price | Total Checkouts | Full call number | Date last seen | Copy number | Koha item type |
|---|---|---|---|---|---|---|---|---|---|---|---|---|---|---|---|
| Dewey Decimal Classification | Non-fiction | Central Library, University of Rajshahi | Central Library, University of Rajshahi | 07/01/2002 | Mansur Ahmed Khan, Shohid smriti songrohshala, RU. | 50.00 | B 370.92 JIB 2001 | 06/11/2013 | C-5 | Books | |||||
| Dewey Decimal Classification | Non-fiction | Central Library, University of Rajshahi | Central Library, University of Rajshahi | 07/01/2002 | Mansur Ahmed Khan, Shohid smriti songrohshala, RU. | 50.00 | B 370.92 JIB 2001 | 06/11/2013 | C-6 | Books | |||||
| Dewey Decimal Classification | Non-fiction | Central Library, University of Rajshahi | Central Library, University of Rajshahi | 07/01/2002 | Mansur Ahmed Khan, Shohid smriti songrohshala, RU. | 50.00 | B370.92 JIB 2001 | 06/11/2013 | c-7 | Books | |||||
| Dewey Decimal Classification | Non-fiction | Central Library, University of Rajshahi | Central Library, University of Rajshahi | 07/01/2002 | Mansur Ahmed Khan, Shohid smriti songrohshala, RU. | 50.00 | B 370.92 JIB 2001 | 06/11/2013 | C-8 | Books | |||||
| Dewey Decimal Classification | Non-fiction | Central Library, University of Rajshahi | Central Library, University of Rajshahi | 07/01/2002 | Mansur Ahmed Khan, Shohid smriti songrohshala, RU. | 50.00 | B 370.92 JIB 2001 | 06/11/2013 | C-9 | Books | |||||
| Dewey Decimal Classification | Non-fiction | Central Library, University of Rajshahi | Central Library, University of Rajshahi | 07/01/2001 | Mansur Ahmed Khan, Shohid smriti songrohshala, RU. | 50.00 | B 370.92 JIB 2001 | 06/11/2013 | C-10 | Books | |||||
| Dewey Decimal Classification | Non-fiction | Central Library, University of Rajshahi | Central Library, University of Rajshahi | 07/01/2001 | Mansur Ahmed Khan, Shohid smriti songrohshala, RU. | 50.00 | B 370.92 JIB 2001 | 07/08/2014 | C-2 | Books | |||||
| Dewey Decimal Classification | Non-fiction | Central Library, University of Rajshahi | Central Library, University of Rajshahi | 01/07/2002 | Mansur Ahmed Khan, Shohid smriti songrohshala, RU. | 50.00 | B 370.92 JIB 2001 | 07/08/2014 | C-4 | Books | |||||
| Dewey Decimal Classification | Not For Loan | Non-fiction | Central Library, University of Rajshahi | Central Library, University of Rajshahi | 07/01/2002 | Mansur Ahmed Khan, Shohid smriti songrohshala, RU. | 50.00 | B 370.92 JIB 2001 | 13/11/2016 | C-1 | Books |